000 00642nam a2200277Ia 4500
005 20260324115316.0
008 008 260324s9999 xx 000 0 eng d
020 _a9781315099804
037 _aEBOOK
040 _aCRL
040 _beng
040 _cCRL
041 _2eng
041 _aeng
084 _qCRL
100 _aLes Goring
_91150732
245 0 _aManual of First and Second Fixing Carpentry
260 _bTaylor and Francis
260 _c2018
365 _a
365 _b225
856 _uhttp://www.taylorfrancis.com/books/9781315099804
942 _cEBOOK
999 _c1744956
_d1744956